00290nam a2200109Ia 4500008004100000041001200041100001700053245004200070260004300112300000800155650001700163221030s9999 xx 000 0 und d aEnglish aK. C. Wheare 0aModern Constitutionscby K. C. Wheare bOxfor University PressaNew Yorkc1951 a150 aConstitution